Statistics for HARD Harry Potter Trivia

Click here to take the quiz!

General Stats

  • This quiz has been taken 146 times
  • The average score is 3 of 5

Answer Stats

QuestionAnswer% Correct
Dylan Patsford is a Harry Potter CharacterFalse
94%
Where is Hassan Mostafa from?Egypt
73%
Who is Marlene MckinnonA Member of the Original Order of the Phoenix
62%
What is the first name of Montague, a Slytherin student at Hogwarts?Graham
34%
What is the last name of a Slytherin who has the same first name as Montague?Pritchard
29%

Score Distribution

Percentile by Number Answered

Percent of People with Each Score

Your Score History

You have not taken this quiz